000 00573nam a2200217 a 4500
003 AR-BaBNM
005 20251128205158.0
008 082120s2002 ||||||||||||||000 | spa||
040 _cAR-BaBNM
100 1 _aRamallo, José Antonio Cecilio
245 0 0 _aEl pato correntino que se fue a la luna
260 _aBuenos Aires
_bPlus Ultra
_c1976
300 _a122 p.
_bil.
650 4 _aLITERATURA INFANTIL
650 4 _aCUENTOS DE ANIMALES
650 4 _aLIBROS PARA NIÑOS
650 4 _aCUENTOS DE AVENTURAS
655 _aLITERATURA
942 _cBK
998 _cisola
999 _c10320
_d10320